000 00297nam a22001337a 4500
008 170929b xxu||||| |||| 00| 0 eng d
020 _a9780536972408
041 _aeng
080 _23RD
_a37
100 _a47
101 _aEDU
245 _aTHE NEW CENTURY HANDBOOK
_cHULT,CH.A
942 _2udc
_cBK
999 _c30600
_d30600